000 00462nam a22001457a 4500
999 _c527695
_d527695
020 _qHard Cover.
082 _a658
100 _aZahid, Sunbul Hussain
245 _aLearning from failure: A study of a Mobile Telecom Operator's Detractors /
_cSunbul Zahid Hussain.
260 _aIslamabad:
_bNBS - NUST.
_c2016.
300 _a56 p. : ill. ;
_c30cm.
942 _2ddc
_cTHE
650 _aMBA Thesis.
_917629